| 000 | 00727nam a2200205 i 4500 | ||
|---|---|---|---|
| 001 | 147010 | ||
| 003 | ES-MaACL | ||
| 005 | 20230906201751.0 | ||
| 007 | t| | ||
| 008 | 070920s1971 sp ||||1| spa d | ||
| 080 | _a946"1474/517"(093.2) | ||
| 245 | 0 | 3 |
_aEl tumbo de los Reyes Católicos del Concejo de Sevilla / _cedición de la Universidad Hispalense, dirigida por J. de M. Carriazo. |
| 260 |
_aSevilla : _bAyuntamiento, _c1971. |
||
| 300 |
_aXXIV, 341 p. ; _c25 cm. |
||
| 650 |
_aEspaña- _xHistoria- _y1474-1516, Reyes Católicos- _vFuentes. _9221246 |
||
| 700 | 1 |
_aCarriazo y Arroquia, Juan de Mata. _935736 |
|
| 710 | 1 |
_aSevilla. _bAyuntamiento. _91391 |
|
| 852 |
_aES-MaACL _jC-37439 _bR.79639 |
||
| 999 |
_c147010 _d147010 |
||